<?xml version="1.0" encoding="UTF-8"?>
<record
    xmlns:xsi="http://www.w3.org/2001/XMLSchema-instance"
    xsi:schemaLocation="http://www.loc.gov/MARC21/slim http://www.loc.gov/standards/marcxml/schema/MARC21slim.xsd"
    xmlns="http://www.loc.gov/MARC21/slim">

  <leader>01257nam a22002657a 4500</leader>
  <controlfield tag="003">Uzh_bibl</controlfield>
  <controlfield tag="008">260401b        |||||||| |||| 00| 0 ukr d</controlfield>
  <datafield tag="020" ind1=" " ind2=" ">
    <subfield code="a">978-966-8826-68-9</subfield>
    <subfield code="c">101.00</subfield>
  </datafield>
  <datafield tag="040" ind1=" " ind2=" ">
    <subfield code="b">&#x443;&#x43A;&#x440;.</subfield>
  </datafield>
  <datafield tag="041" ind1=" " ind2=" ">
    <subfield code="2">ukr</subfield>
    <subfield code="a">ukr</subfield>
  </datafield>
  <datafield tag="080" ind1=" " ind2=" ">
    <subfield code="a">59</subfield>
  </datafield>
  <datafield tag="090" ind1=" " ind2=" ">
    <subfield code="a">59</subfield>
    <subfield code="b">&#x41F; 39</subfield>
  </datafield>
  <datafield tag="100" ind1=" " ind2=" ">
    <subfield code="a">    </subfield>
  </datafield>
  <datafield tag="245" ind1=" " ind2=" ">
    <subfield code="a">&#x41F;&#x43B;&#x430;&#x43D;&#x435;&#x442;&#x430; &#x442;&#x432;&#x430;&#x440;&#x438;&#x43D;.&#x41A;&#x43D;&#x438;&#x433;&#x430; &#x43D;&#x435;&#x43E;&#x431;&#x445;&#x456;&#x434;&#x43D;&#x438;&#x445; &#x437;&#x43D;&#x430;&#x43D;&#x44C;</subfield>
    <subfield code="c">&#x430;&#x432;&#x442;&#x43E;&#x440;-&#x443;&#x43A;&#x43B;&#x430;&#x434;&#x430;&#x447;&#x422;.&#x421;.&#x416;&#x430;&#x431;&#x441;&#x44C;&#x43A;&#x430; ;&#x456;&#x43B;.&#x411;&#x443;&#x442;&#x435;&#x43D;&#x43A;&#x43E; &#x41B;.&#x410;.</subfield>
    <subfield code="h">&#x422;&#x435;&#x43A;&#x441;&#x442;</subfield>
  </datafield>
  <datafield tag="260" ind1=" " ind2=" ">
    <subfield code="a">&#x425;&#x430;&#x440;&#x43A;&#x456;&#x432;</subfield>
    <subfield code="b">&#x41F;&#x440;&#x43E;&#x43C;&#x456;&#x43D;&#x44C;</subfield>
    <subfield code="c">2012</subfield>
  </datafield>
  <datafield tag="300" ind1=" " ind2=" ">
    <subfield code="a">64 &#x441;.</subfield>
    <subfield code="b">&#x456;&#x43B;.</subfield>
    <subfield code="f">&#x412; &#x43E;&#x43F;&#x440;.</subfield>
  </datafield>
  <datafield tag="490" ind1=" " ind2=" ">
    <subfield code="a">&#x421;&#x435;&#x440;&#x456;&#x44F;"&#x415;&#x440;&#x443;&#x434;&#x438;&#x442;"</subfield>
  </datafield>
  <datafield tag="520" ind1=" " ind2=" ">
    <subfield code="a">&#x41A;&#x43D;&#x438;&#x433;&#x430; &#x43A;&#x43E;&#x440;&#x438;&#x441;&#x43D;&#x430; &#x44F;&#x43A; &#x434;&#x456;&#x442;&#x44F;&#x43C;, &#x442;&#x430;&#x43A; &#x456; &#x434;&#x43E;&#x440;&#x43E;&#x441;&#x43B;&#x438;&#x43C;. &#x414;&#x456;&#x442;&#x44F;&#x43C; &#x432;&#x43E;&#x43D;&#x430; &#x434;&#x43E;&#x43F;&#x43E;&#x43C;&#x43E;&#x436;&#x435; &#x441;&#x444;&#x43E;&#x440;&#x43C;&#x443;&#x432;&#x430;&#x442;&#x438; &#x447;&#x456;&#x442;&#x43A;&#x443; &#x441;&#x442;&#x440;&#x443;&#x43A;&#x442;&#x443;&#x440;&#x443; &#x437;&#x43D;&#x430;&#x43D;&#x44C;, &#x44F;&#x43A;&#x443; &#x43C;&#x43E;&#x436;&#x43D;&#x430; &#x431;&#x443;&#x434;&#x435; &#x43F;&#x440;&#x43E;&#x442;&#x44F;&#x433;&#x43E;&#x43C; &#x443;&#x441;&#x44C;&#x43E;&#x433;&#x43E; &#x436;&#x438;&#x442;&#x442;&#x44F; &#x434;&#x43E;&#x43F;&#x43E;&#x432;&#x43D;&#x44E;&#x432;&#x430;&#x442;&#x438; &#x43D;&#x43E;&#x432;&#x43E;&#x44E; &#x456;&#x43D;&#x444;&#x43E;&#x440;&#x43C;&#x430;&#x446;&#x456;&#x454;&#x44E;. &#x414;&#x43E;&#x440;&#x43E;&#x441;&#x43B;&#x438;&#x43C; - &#x437;&#x430;&#x43F;&#x440;&#x43E;&#x43F;&#x43E;&#x43D;&#x443;&#x454; &#x446;&#x456;&#x43A;&#x430;&#x432;&#x456; &#x442;&#x435;&#x43C;&#x438; &#x434;&#x43B;&#x44F; &#x440;&#x43E;&#x437;&#x434;&#x443;&#x43C;&#x456;&#x432;.</subfield>
  </datafield>
  <datafield tag="521" ind1=" " ind2=" ">
    <subfield code="a">&#x414;&#x43B;&#x44F; &#x448;&#x438;&#x440;&#x43E;&#x43A;&#x43E;&#x433;&#x43E; &#x43A;&#x43E;&#x43B;&#x430; &#x447;&#x438;&#x442;&#x430;&#x447;&#x456;&#x432;</subfield>
  </datafield>
  <datafield tag="546" ind1=" " ind2=" ">
    <subfield code="a">&#x443;&#x43A;&#x440;.</subfield>
  </datafield>
  <datafield tag="650" ind1=" " ind2=" ">
    <subfield code="a">&#x41D;&#x430;&#x443;&#x43A;&#x43E;&#x432;&#x43E;-&#x43F;&#x43E;&#x43F;&#x443;&#x43B;&#x44F;&#x440;&#x43D;&#x435; &#x432;&#x438;&#x434;&#x430;&#x43D;&#x43D;&#x44F;</subfield>
  </datafield>
  <datafield tag="653" ind1=" " ind2=" ">
    <subfield code="a">&#x41F;&#x442;&#x430;&#x445;&#x438;</subfield>
    <subfield code="a">&#x420;&#x438;&#x431;&#x438;</subfield>
    <subfield code="a">&#x410;&#x43C;&#x444;&#x456;&#x431;&#x456;&#x457;</subfield>
  </datafield>
  <datafield tag="655" ind1=" " ind2=" ">
    <subfield code="a">&#x414;&#x43E;&#x432;&#x456;&#x434;&#x43D;&#x438;&#x43A;</subfield>
  </datafield>
  <datafield tag="942" ind1=" " ind2=" ">
    <subfield code="2">udc</subfield>
    <subfield code="c">BK</subfield>
  </datafield>
  <datafield tag="999" ind1=" " ind2=" ">
    <subfield code="c">17242</subfield>
    <subfield code="d">17242</subfield>
  </datafield>
  <datafield tag="952" ind1=" " ind2=" ">
    <subfield code="0">0</subfield>
    <subfield code="1">0</subfield>
    <subfield code="2">udc</subfield>
    <subfield code="4">0</subfield>
    <subfield code="7">0</subfield>
    <subfield code="a">MBdD</subfield>
    <subfield code="b">MBdD</subfield>
    <subfield code="c">ABS</subfield>
    <subfield code="d">2026-03-18</subfield>
    <subfield code="e">&#x41F;&#x43E;&#x434;&#x430;&#x440;&#x43E;&#x432;&#x430;&#x43D;&#x456;</subfield>
    <subfield code="i">80824</subfield>
    <subfield code="o">59</subfield>
    <subfield code="p">19287</subfield>
    <subfield code="r">2026-04-01</subfield>
    <subfield code="w">2026-03-26</subfield>
    <subfield code="y">BK</subfield>
  </datafield>
</record>
